[Event "18th Reykjavik op"]
[Site "Reykjavik ISL"]
[Date "1998.03.10"]
[Round "1.16"]
[White "Briem, Stefan"]
[Black "Hector, Jonny"]
[Result "0-1"]
[WhiteElo "2185"]
[BlackElo "2505"]
[EventDate "1998.03.10"]
[PlyCount "82"]

1.e4 e5 2.f4 exf4 3.Nf3 d6 4.Bc4 ( 4.d4 $142 ) 4...Be6 $1 5.Bxe6 fxe6 6.d4
Qf6 7.e5 ( 7.O-O e5 $15 ) 7...dxe5 ( 7...Qf5 8.O-O g5 9.Nxg5 ( 9.Nc3 Ne7 (
9...Nc6 10.b4 dxe5 11.Nxe5 Nxe5 12.dxe5 Bxb4 13.Nb5 Ba5 14.Qh5+ Qg6 15.Qf3
Ne7 16.Ba3 Nc6 17.Rab1 Bb6+ 18.Kh1 O-O-O 19.Rb3 Nd4 20.Nxd4 Rxd4 21.Bc5 
Rd5 {0-1 Schulz,M-Tiemann,H/DDR-ch15 corr 1990/CR97-90} ) 10.Nb5 Na6 11.
Nxg5 Qxg5 12.Bxf4 Qg6 {Grudsky-Konson/Leningrad 1986} ) 9...Qxg5 10.Rxf4 
Qg7 11.Qh5+ Ke7 12.Nc3 Nc6 13.Rg4 Qf7 14.Qh4+ Kd7 15.Bg5 dxe5 16.Rf1 Qe8 
17.Ne4 Nxd4 18.Bf6 Be7 19.Rg7 Qf8 20.Qh5 Nxf6 21.Nxf6+ Kc8 22.Rf7 Qd8 23.
Qxe5 Qd6 24.Qe4 Nc6 25.Nxh7 Qd5 26.Qxd5 exd5 27.R1f5 Bc5+ 28.Kf1 Bd6 29.g4
Bxh2 30.g5 Nd8 31.g6 Nxf7 32.g7 Rg8 33.Rxf7 Be5 34.Rf8+ Kd7 35.Rxa8 Rxa8 
36.Nf8+ Ke7 37.g8=N+ {0-1 Buecker,P-Mephisto Portorose 68030/Dortmund-C 
1990} ) 8.dxe5 Qf5 9.Qd3 $6 $146 ( 9.Qd4 g5 10.O-O Nc6 11.Qa4 Bc5+ 12.Kh1 
O-O-O 13.Qc4 Bb6 14.Nxg5 $2 Qxg5 15.Qxe6+ Kb8 16.Na3 Qxe5 17.Qxe5 Nxe5 18.
Bxf4 Ng6 {0-1 Kasner-Leisebein,P/corr 1985} ) 9...Qxd3 10.cxd3 Nc6 11.Bxf4
{Wei@e hat den geopferten Bauern zurueckgewonnen. Die wei@ckgewonnen. e 
Bauerstruktur ist aber wesentlich schwaecher (man beachte Bauernschwaeche 
auf d3 und e5).} 11...Nb4 $1 12.Kd2 Rd8 ( 12...O-O-O 13.d4 c5 $6 14.Rc1 ) 
13.Ne1 ( 13.d4 c5 $17 ) 13...Bc5 {iif2} 14.Nc3 $6 ( 14.Rf1 $1 Ne7 15.Nc3 )
14...Bf2 $17 15.Bg5 Ne7 16.Nf3 Bb6 ( 16...Nxd3 17.Ke2 Bb6 {ist 
Zugumstellung.} ) ( 16...Rxd3+ $6 17.Ke2 Bd4 18.a3 ( 18.Bd2 Rxf3 19.gxf3 
Bxe5 $13 ) 18...Rxf3 19.gxf3 Nbd5 $13 ) 17.Ke2 ( 17.Ne1 Rf8 {ii f2} ) 
17...Nxd3 18.b3 Rf8 19.Rad1 Nf4+ 20.Bxf4 Rxd1 21.Rxd1 Rxf4 22.g3 Rf5 23.g4
Rf4 24.h3 Nc6 25.Rd3 Ke7 26.a3 Nd4+ $19 27.Nxd4 Bxd4 28.Nb5 Bb6 29.Nc3 h5 
30.gxh5 Rf5 31.Rg3 Rxe5+ 32.Kd3 Kf7 33.Ne4 Rd5+ 34.Kc2 Rxh5 35.Ng5+ Kf6 
36.Ne4+ Kf5 37.Nd2 g5 38.Rf3+ Kg6 39.Ne4 Bd4 40.Kd3 Bg7 41.Nc5 g4 0-1

[Event "18th Reykjavik op"]
[Site "Reykjavik ISL"]
[Date "1998.03.10"]
[Round "1.17"]
[White "Akesson, Ralf"]
[Black "Wiese, Hans Joachim"]
[Result "1-0"]
[WhiteElo "2505"]
[BlackElo "2165"]
[EventDate "1998.03.10"]
[PlyCount "75"]

1.Nf3 d5 2.d4 e6 3.c4 Nf6 4.g3 Be7 5.Bg2 O-O 6.O-O c6 7.Qc2 Nbd7 8.Rd1 Ne4
9.b3 f5 10.Ba3 Bxa3 11.Nxa3 f4 12.Nb1 fxg3 13.hxg3 Qf6 14.Nc3 Qf5 15.Rac1 
Ndf6 16.Rf1 Qh5 17.Nxe4 Nxe4 18.Ne5 Ng5 19.f4 Nf7 20.Bf3 Qh3 21.Kf2 Nxe5 
22.dxe5 Qh6 23.Rh1 Qg6 24.e4 dxc4 25.Qxc4 Qe8 26.Rcd1 Qe7 27.Rd6 Kh8 28.
Qd4 b6 29.Rxc6 Qa3 30.Rc2 Ba6 31.Qd6 Qa5 32.Qxe6 Bd3 33.Qg6 h6 34.Rc7 Qd2+
35.Kg1 Qe1+ 36.Kg2 Qd2+ 37.Kh3 Rg8 38.Kg4 1-0

[Event "18th Reykjavik op"]
[Site "Reykjavik ISL"]
[Date "1998.03.10"]
[Round "1.18"]
[White "Leosson, Torfi"]
[Black "Gallagher, Joseph"]
[Result "0-1"]
[WhiteElo "2160"]
[BlackElo "2490"]
[EventDate "1998.03.10"]
[PlyCount "76"]

1.e4 c5 2.Nf3 d6 3.d4 cxd4 4.Nxd4 Nf6 5.Nc3 a6 6.Be2 e5 7.Nb3 Be7 8.O-O 
Be6 9.Be3 O-O 10.a4 Nbd7 11.a5 Rc8 12.Qd2 Qc7 13.Rfd1 Nc5 14.Nxc5 dxc5 15.
f3 Rfd8 16.Qe1 Rxd1 17.Nxd1 c4 18.Rb1 h6 19.b4 cxb3 20.cxb3 Qc2 21.Rb2 Qc6
22.Bc4 Bxc4 23.bxc4 Rc7 24.Bb6 Rd7 25.Ne3 Bc5 26.Bxc5 Qxc5 27.Qc3 Nh5 28.
g3 { A sharp conclusion to an easily won ending with queen and passed 
pawn versus rook and knight. Tactical means: pin and knight fork.  
Pointierte Abwicklung in ein leicht gewonnenes Endspiel mit Dame plus 
Freibauer gegen Turm plus Springer. Taktische Mittel: Fesselung und 
Springergabel.} 28...Nf4 $1 29.Rd2 $2 ( 29.gxf4 $142 exf4 30.Kf2 ( 30.Re2 
fxe3 31.Rxe3 Rd1+ 32.Kf2 Qg5 {[%cal Rg5g1]} 33.Re1 Rd2+ 34.Re2 Qh4+ 35.Ke3
Rxe2+ 36.Kxe2 Qxh2+ $17 ) 30...fxe3+ 31.Qxe3 Qxa5 $17 ) 29...Rd3 $3 30.
Rxd3 Ne2+ 31.Kf2 Nxc3 32.Rxc3 Qxa5 $19 33.Rc2 Qa1 34.Ke2 a5 35.Nd1 a4 36.
Nc3 a3 37.Na2 {White has defended the queenside in a makeshift fashion; 
now he is defeated on the other side. Den Damenfluegel hat Wei@fluegel 
notduerftig verteidigt, nun geht es ihm auf der anderen Seite an den 
Kragen.} 37...Qg1 38.Kd3 ( 38.g4 Qg2+ ) 38...Qd1+ 0-1

[Event "18th Reykjavik op"]
[Site "Reykjavik ISL"]
[Date "1998.03.10"]
[Round "1.19"]
[White "Ward, Christopher"]
[Black "Asgeirsson, Heimir"]
[Result "1-0"]
[WhiteElo "2480"]
[BlackElo "2140"]
[EventDate "1998.03.10"]
[PlyCount "63"]

1.d4 Nf6 2.c4 g6 3.f3 d5 4.cxd5 Nxd5 5.e4 Nb6 6.Nc3 Bg7 7.Be3 O-O 8.Qd2 
Nc6 9.O-O-O e5 10.d5 Nd4 11.f4 c5 12.fxe5 Bxe5 13.Nf3 Nxf3 14.gxf3 Qe7 15.
h4 Bd7 16.h5 Rac8 17.Bg5 f6 18.Bh6 g5 19.Bxf8 Qxf8 20.Kb1 a6 21.Qc2 c4 22.
Bh3 Bxh3 23.Rxh3 Qb4 24.Rhh1 Nd7 25.d6 Kh8 26.h6 b5 27.Nd5 Qa5 28.f4 gxf4 
29.Rhg1 f5 30.Ne7 Rf8 31.Qg2 Qd8 32.Qg7+ 1-0

[Event "18th Reykjavik op"]
[Site "Reykjavik ISL"]
[Date "1998.03.10"]
[Round "1.21"]
[White "Cicak, Slavko"]
[Black "Ragnarsson, Johann"]
[Result "0-1"]
[WhiteElo "2480"]
[BlackElo "2110"]
[EventDate "1998.03.10"]
[PlyCount "88"]

1.c4 c6 2.e4 d5 3.cxd5 cxd5 4.exd5 Nf6 5.Qa4+ Nbd7 6.Nc3 g6 7.d4 $6 ( 7.
Nf3 Bg7 8.Qb3 O-O 9.Bc4 a6 ( 9...Nc5 10.Qa3 Nce4 11.O-O Nd6 12.Qb3 Bf5 13.
Re1 {E-E Tkachiev,V-Adianto,U/Biel 1995/CBM 49} ) ( 9...Nb6 10.d3 Ne8 11.
h3 $14 {1-0 Boidman,Y-Starke,R/Nuernberg Weilburg op 1996/EXT 96op2 (26)} 
) 10.a4 b6 11.d4 Bb7 12.Bf4 Nh5 13.Be3 Qc7 14.O-O Rac8 $44 {E-E 
Kazhgaleyev,M-Hellsten,J/Erevan olm 1996/EXT 96ch2 (50)} ) ( 7.g3 Bg7 8.
Bg2 O-O 9.Nge2 Nc5 ( 9...e6 10.O-O Nb6 $11 {Szabo,L-Eliskases,E/Mar del 
Plata 1948/MCD-r4/E-E (51)} ) ( 9...Nb6 $5 ) 10.Qc4 b6 11.b4 Ba6 12.b5 Bb7
13.d4 $14 {E-E Vescovi,G-Rappa,D/Mar del Plata op 1994/EXT 94op (26)} ) 
7...Bg7 8.Nh3 $6 O-O 9.Nf4 Nb6 10.Qb3 {normalerweise ist Wei@lerweise in 
dieser Stellung am Zug (1.e4 c6 2.d4 d5 3.exd5 cxd5 4.c4 Sf6 5.Sc3 g6 
6.Db3 Lg7 7.cxd5 0-0 8.Sge2 Sbd7 9.Sf4 Sb6)...} 10...h6 11.h4 Bf5 12.Be2 
a5 13.a4 Qd6 14.Bf3 Qb4 15.Qd1 Ne4 16.Ra3 $6 Bxd4 17.O-O Bxc3 ( 17...Nxc3 
$2 18.bxc3 Bxc3 19.Rb3 Qd4 20.Qxd4 Bxd4 21.Ne2 Bc5 22.Bxh6 $132 ) 18.Rb3 
Qd6 19.bxc3 Nc5 20.Ba3 Rfc8 ( 20...Nbxa4 $5 {(Fritz4)} ) 21.Rb5 Bd7 ( {
auch nach} 21...Qxf4 22.Rxb6 Nxa4 23.Rxb7 {ist es nicht ganz klar, wie 
gro@ der schwarze Vorteil ist.} ) 22.Nd3 Bxb5 23.axb5 Nc4 ( 23...Nbd7 {kam
stark in Betracht.} ) 24.Bxc5 Rxc5 25.Nxc5 Qxc5 26.Qc1 Kg7 27.Qf4 Rc8 ( 
27...Qxb5 $5 28.Qd4+ ( 28.Be2 Rc8 ) 28...Kg8 29.Re1 ( 29.Qf4 Qc5 30.Qxh6 
Ne5 ) 29...Nd6 {und in allen Faellen duerfte Wei@te keine volle 
Kompensation besitzen.} ) 28.Re1 Qd6 29.Qd4+ $2 ( 29.Qe4 $1 ) 29...Qf6 $1 
30.Rxe7 Qxd4 31.cxd4 Nd6 $1 {was fuer ein Ro@ !} 32.Rd7 $2 ( 32.Re1 Nxb5 
33.Rb1 $17 ) ( 32.Be2 a4 33.Re3 Rc1+ 34.Kh2 Re1 $19 ) 32...a4 $1 33.Re7 ( 
33.Rxd6 $2 a3 $1 $19 ) 33...Rc1+ ( 33...a3 34.Re2 Nxb5 $19 ) 34.Kh2 Kf6 $2
( 34...a3 35.Re2 Nxb5 36.Ra2 Rc3 $19 ) 35.Re2 $2 ( 35.Rd7 $1 Nxb5 36.Rxb7 
Nxd4 ( 36...a3 37.Rb6+ Ke7 38.Ra6 ) 37.Ra7 {und mir ist nicht klar, ob 
Schwarz gewinnen kann.} ) 35...Nxb5 36.Ra2 a3 37.d6 Rc3 38.d7 Ke7 39.h5 $2
( 39.Bxb7 Kxd7 40.Ba6 Nc7 $17 ) 39...Nd6 40.Bg4 gxh5 41.Bh3 $6 f5 42.Kg1 
b5 43.Kf1 b4 44.Ke2 Kxd7 0-1

[Event "18th Reykjavik op"]
[Site "Reykjavik ISL"]
[Date "1998.03.10"]
[Round "1.22"]
[White "Thorfinnsson, Bjoern"]
[Black "Conquest, Stuart"]
[Result "1/2-1/2"]
[WhiteElo "2100"]
[BlackElo "2480"]
[EventDate "1998.03.10"]
[PlyCount "126"]

1.d4 Nf6 2.Nf3 d6 3.Bg5 Nbd7 4.Nbd2 h6 5.Bxf6 Nxf6 6.e4 c6 7.Bd3 g5 8.c3 
Bg7 9.Qc2 Be6 10.h4 g4 11.Ng1 h5 12.Ne2 Bh6 13.Nf1 c5 14.d5 Bd7 15.Ne3 b5 
16.Ng3 Bf4 17.Qe2 Rb8 18.O-O Kf8 19.Qd2 e6 20.dxe6 Bxe6 21.Ne2 Bh6 22.Qd1 
g3 23.Qe1 Nd7 24.Nxg3 Ne5 25.Be2 Bxe3 26.fxe3 Qxh4 27.Rf4 Qg5 28.Qf2 h4 
29.Nf5 h3 30.g3 b4 31.c4 Bxf5 32.Rxf5 Qg7 33.Kh2 Ke7 34.Rd1 Rh6 35.Qf4 Rg8
36.b3 Rg6 37.g4 Rh8 38.a3 a5 39.axb4 axb4 40.Ra1 Nf3+ 41.Qxf3 Qxa1 42.e5 
Kd8 43.Qb7 Qb2 44.Qa8+ Ke7 45.Qb7+ Kd8 46.Qb8+ Ke7 47.Qc7+ Ke8 48.Qc8+ Ke7
49.Qc7+ Ke8 50.Qxf7+ Kd8 51.e6 Qxe2+ 52.Rf2 Qxf2+ 53.Qxf2 Rxe6 54.Qf7 Rhe8
55.Qb7 Rxe3 56.g5 Rf8 57.Qb6+ Ke7 58.Qb7+ Ke8 59.Qb8+ Ke7 60.Qb7+ Ke6 61.
Qd5+ Kd7 62.Qb7+ Ke8 63.Qb8+ Ke7 1/2-1/2

[Event "18th Reykjavik op"]
[Site "Reykjavik ISL"]
[Date "1998.03.10"]
[Round "1.23"]
[White "Hall, Jesper"]
[Black "Kjartansson, David"]
[Result "1/2-1/2"]
[WhiteElo "2460"]
[BlackElo "2100"]
[EventDate "1998.03.10"]
[PlyCount "128"]

1.e4 c5 2.Nf3 d6 3.d4 cxd4 4.Nxd4 Nf6 5.Nc3 g6 6.Be2 Bg7 7.O-O O-O 8.Re1 
a6 9.a4 b6 10.Bg5 Bb7 11.Bf1 Nbd7 12.Qd2 Re8 13.Rad1 Qc7 14.Nd5 Nxd5 15.
exd5 Nc5 16.b3 Bxd5 17.Nb5 axb5 18.Qxd5 e6 19.Qxd6 Qxd6 20.Rxd6 bxa4 21.
bxa4 Nxa4 22.Bb5 Rec8 23.Bd7 Rcb8 24.Bc6 Ra5 25.h4 Nc5 26.Red1 h6 27.Bf4 
e5 28.Be3 Ne6 29.Bd5 Nd4 30.Rd7 Rf8 31.Bxd4 exd4 32.Rd3 Bf6 33.Rf3 Kg7 34.
g4 Rxd5 35.Rxd5 Bxh4 36.Rxd4 Rc8 37.c4 Rc6 38.Kf1 Re6 39.Re3 Rf6 40.f3 Bg5
41.Rb3 Bf4 42.Ke2 g5 43.Rb5 Kg6 44.Rd7 Re6+ 45.Kd3 Be3 46.Rf5 f6 47.Rfd5 
Bc5 48.Rc7 Re8 49.Rdd7 Rg8 50.Ke4 Re8+ 51.Kd5 Rg8 52.Rf7 Rd8+ 53.Rfd7 Rg8 
54.Rc6 Re8 55.Re6 Rf8 56.Ke4 Rc8 57.Rb7 Rd8 58.Rc6 Rd4+ 59.Ke3 Rd6+ 60.
Rxc5 bxc5 61.Rc7 Re6+ 62.Kf2 Re5 63.Rc6 Kf7 64.Rc7+ Kg6 1/2-1/2

[Event "18th Reykjavik op"]
[Site "Reykjavik ISL"]
[Date "1998.03.10"]
[Round "1.24"]
[White "Einarsson, Einar Kristinn"]
[Black "Van der Weide, Karel"]
[Result "1/2-1/2"]
[WhiteElo "2085"]
[BlackElo "2450"]
[EventDate "1998.03.10"]
[PlyCount "52"]

1.d4 Nf6 2.Bg5 d5 3.Nc3 c5 4.e4 Nxe4 5.Nxe4 dxe4 6.dxc5 Qa5+ 7.Qd2 Qxc5 8.
O-O-O Nc6 9.Be3 Qa5 10.Qxa5 Nxa5 11.Bb5+ Nc6 12.Ne2 e6 13.Rd4 f5 14.Rhd1 
Be7 15.Rc4 Bd7 16.Nd4 Rc8 17.Nxc6 Bxc6 18.Bxa7 Kf7 19.Bxc6 bxc6 20.Rd7 
Rhd8 21.Rcd4 Ke8 22.Rxd8+ Bxd8 23.Bc5 Bc7 24.h3 g5 25.Kd1 h5 26.Ke2 g4 
1/2-1/2

[Event "18th Reykjavik op"]
[Site "Reykjavik ISL"]
[Date "1998.03.10"]
[Round "1.25"]
[White "Ivanov, Mikhail M."]
[Black "Schubert, Hans Joachim"]
[Result "1-0"]
[WhiteElo "2440"]
[BlackElo "2070"]
[EventDate "1998.03.10"]
[PlyCount "111"]

1.Nf3 f5 2.g3 Nf6 3.Bg2 e6 4.d4 Be7 5.O-O O-O 6.c4 d5 7.b3 c6 8.Ba3 Nbd7 
9.Qc1 Ne4 10.Bxe7 Qxe7 11.Na3 Ndf6 12.Nc2 Bd7 13.Nce1 Be8 14.Nd3 Bh5 15.c5
Nd7 16.b4 Bxf3 17.exf3 Ng5 18.Re1 Qf6 19.Qb2 Qh6 20.Nf4 Rfe8 21.b5 Rab8 
22.Rab1 Qf6 23.Re3 e5 24.dxe5 Qf8 25.e6 Nxc5 26.e7 Rxe7 27.Rxe7 Qxe7 28.
bxc6 Qd6 29.Qd4 Qxc6 30.Nxd5 Re8 31.f4 Nge4 32.Ne3 Qe6 33.Bf1 Kh8 34.Bc4 
Qc8 35.Rd1 Nf6 36.Bb5 Rf8 37.Qe5 a6 38.Bc4 b5 39.Bf1 Nfd7 40.Qd6 Rf6 41.
Qd5 Qf8 42.Bh3 g6 43.Bg2 h6 44.Qd4 Kh7 45.Nd5 Rf7 46.Re1 Qb8 47.Nb4 Qf8 
48.Nc6 g5 49.Bd5 Rg7 50.fxg5 hxg5 51.h4 Qf6 52.hxg5 Qxg5 53.Re2 Qg6 54.Ne5
Nxe5 55.Qxe5 Nd7 56.Qe8 1-0

[Event "18th Reykjavik op"]
[Site "Reykjavik ISL"]
[Date "1998.03.10"]
[Round "1.26"]
[White "Olafsson, Thorvardur"]
[Black "Westerinen, Heikki"]
[Result "0-1"]
[WhiteElo "2015"]
[BlackElo "2410"]
[EventDate "1998.03.10"]
[PlyCount "80"]

1.d4 d5 2.c4 dxc4 3.Nc3 a6 4.a4 Nc6 5.e3 Na5 6.Nf3 ( 6.Bd2 c6 7.Nf3 b5 8.
Ne5 Bb7 9.Qf3 Nf6 10.Qf4 Nb3 11.Rd1 e6 12.Be2 Bd6 13.O-O Nxd2 14.Rxd2 O-O 
$17 {Morena,W-Dunkelblum,A/Amsterdam olm 1954/0-1 (63)} ) 6...Bg4 ( 6...c6
7.Ne5 Be6 8.Be2 Nf6 9.Bf3 Nd5 10.Ne4 f6 11.Nc5 Bg8 12.Bh5+ g6 13.Nxg6 hxg6
14.Bxg6+ Bf7 15.Qg4 b6 16.Ne6 Qc8 17.f4 Bxg6 18.Qxg6+ Kd7 19.Qf5 Kd6 $19 {
0-1 Jankovits,I-Tivolt,F/Zalaegerszeg 1959 (33)} ) 7.Bd2 e6 8.h3 Bxf3 9.
Qxf3 Bb4 $1 $146 ( 9...c6 10.Rd1 Nf6 11.Be2 Be7 12.O-O Qc7 ( 12...O-O 13.
Ne4 b5 14.Nxf6+ Bxf6 15.Qg3 Nb3 16.Bc3 Qe7 17.e4 b4 18.Be1 Nxd4 $17 {0-1 
Prihastomo,I-Ardiansyah,H/World Cities 1997 (28)} ) 13.e4 O-O 14.e5 Nd5 
15.Ne4 b5 16.Qg4 Rfb8 17.axb5 axb5 18.h4 $44 {1-0 Flear,C-Renaudin,J/Val 
Maubuee op 1989 (43)} ) 10.Ne4 ( 10.Qg3 $5 Nf6 $1 ( 10...Kf8 11.Ne4 Qe7 
12.Bc3 Nh6 13.Be2 $44 {[%csl Rf8]} ) 11.Qxg7 Rg8 12.Qh6 Qe7 ( 12...c5 13.
dxc5 ) 13.Rd1 O-O-O $36 ) 10...Qe7 {[%cal Yf7f5]} 11.Be2 ( 11.Qg3 f5 12.
Bxb4 Qxb4+ 13.Nd2 O-O-O $32 ) 11...f5 $1 12.Nc3 ( 12.Nc5 Bxd2+ 13.Kxd2 
Nb3+ 14.Nxb3 Qb4+ 15.Kc1 cxb3 $17 {[%csl Rc1]} ) 12...Nf6 13.O-O O-O $17 {
The white have no compensation for sacrificing pawn.} 14.Rad1 Rad8 {[%cal 
Yc7c5]} 15.Na2 Bxd2 16.Rxd2 Ne4 17.Rc2 b5 18.axb5 axb5 19.Qf4 ( 19.Nc3 
$142 Nb3 $5 ( 19...Nxc3 20.bxc3 e5 $17 ) ( 19...Ng5 20.Qf4 b4 21.Nd1 Ne4 
22.f3 $132 ) 20.Nxe4 fxe4 21.Qxe4 c5 22.Rd1 cxd4 23.exd4 Qf6 $17 ) 19...c5
$19 20.f3 cxd4 $1 21.fxe4 ( 21.exd4 Nf6 $19 ) 21...d3 22.Bxd3 cxd3 ( 22...
Rxd3 $5 23.Nc1 ( 23.Qe5 Rxe3 24.Qxb5 Qa7 $1 $19 {[%cal Yf8b8,Ye3e4,Ya7g1]}
) 23...Rdd8 24.Qe5 Qd7 $19 ) 23.Rc7 Qd6 24.Qxd6 Rxd6 25.exf5 Nc4 $1 {[%cal
Yc4e3,Yd3d1]} 26.Nc3 ( 26.fxe6 Rxf1+ 27.Kxf1 Nxe3+ 28.Kg1 Kf8 $1 $19 {
[%cal Yd3d1]} ) 26...Nxe3 27.Ra1 exf5 28.Kf2 ( 28.Raa7 Rg6 29.Kf2 f4 $19 )
28...f4 29.Nxb5 Rb6 ( 29...Rg6 $19 ) 30.Raa7 Rg6 $1 $19 31.g4 d2 32.Nc3 
d1=Q 33.Nxd1 Nxd1+ 34.Kf3 Nxb2 35.Rc3 Nd1 36.Rd3 Ne3 37.Rdd7 Nc4 38.Rd4 
Ne5+ 39.Kf2 f3 40.Rd5 Re6 0-1

[Event "18th Reykjavik op"]
[Site "Reykjavik ISL"]
[Date "1998.03.10"]
[Round "1.27"]
[White "Hillarp Persson, Tiger"]
[Black "Valgardsson, Gudjon Heidar"]
[Result "1-0"]
[WhiteElo "2410"]
[BlackElo "2114"]
[EventDate "1998.03.10"]
[PlyCount "73"]

1.d4 Nf6 2.c4 e6 3.Nc3 c5 4.d5 exd5 5.cxd5 d6 6.e4 g6 7.f4 Bg7 8.Bb5+ Bd7 
9.e5 Nh5 10.Nf3 O-O 11.Bxd7 Qxd7 12.O-O Re8 13.Kh1 dxe5 14.fxe5 Bxe5 15.
Nxe5 Rxe5 16.g4 Ng7 17.Bf4 Re8 18.Bh6 Qd8 19.Qf3 Rf8 20.Ne4 Nd7 21.Qc3 f6 
22.g5 Rf7 23.Bxg7 Kxg7 24.gxf6+ Kg8 25.d6 h6 26.Qg3 Kh7 27.Qh4 Kg8 28.Qxh6
Nf8 29.Rf4 Rh7 30.Qg5 Rh5 31.Qg2 Kh8 32.Ng5 Qd7 33.Re1 Re8 34.Re7 Qb5 35.
a4 Qb3 36.Rxe8 Qd1+ 37.Rf1 1-0

[Event "18th Reykjavik op"]
[Site "Reykjavik ISL"]
[Date "1998.03.10"]
[Round "1.28"]
[White "Palsson, Halldor"]
[Black "Gunnarsson, Jon Viktor"]
[Result "0-1"]
[WhiteElo "2145"]
[BlackElo "2390"]
[EventDate "1998.03.10"]
[PlyCount "60"]

1.f4 e5 2.fxe5 d6 3.d4 dxe5 4.dxe5 Qxd1+ 5.Kxd1 Bf5 6.Bf4 Nc6 7.c3 O-O-O+ 
8.Nd2 f6 9.Ke1 fxe5 10.Bg5 Nf6 11.e4 Bg6 12.Bb5 h6 13.Bxf6 gxf6 14.Ngf3 
Bc5 15.Nh4 Bh7 16.Ke2 Ne7 17.Bd3 Ng6 18.Nxg6 Bxg6 19.g4 h5 20.h3 Bf7 21.b4
Be7 22.Nf3 Be6 23.g5 fxg5 24.Nxe5 Bf6 25.Ng6 Rhe8 26.e5 Bd7 27.Kf2 Bxe5 
28.Nxe5 Rxe5 29.Rad1 Rf8+ 30.Kg1 Re3 0-1

[Event "18th Reykjavik op"]
[Site "Reykjavik ISL"]
[Date "1998.03.10"]
[Round "1.30"]
[White "Baldursson, Hrannar"]
[Black "Vidarsson, Jon"]
[Result "0-1"]
[WhiteElo "2180"]
[BlackElo "2380"]
[EventDate "1998.03.10"]
[PlyCount "62"]

1.e4 c5 2.Nf3 e6 3.d4 cxd4 4.c3 Nf6 5.Bg5 Be7 6.e5 Nd5 7.Bxe7 Qxe7 8.Nxd4 
O-O 9.Bc4 Nf4 10.Qg4 Qh4 11.Qg3 d5 12.exd6 e5 13.O-O Qf6 14.Nf3 Be6 15.Bb5
a6 16.Re1 axb5 17.Nxe5 Nc6 18.Nf3 Nd3 19.Re3 Nxb2 20.Nbd2 Nc4 21.Rd3 Nxd2 
22.Nxd2 Qe5 23.Qh4 Ra4 24.f4 Qxf4 25.Qh5 Qe5 26.Qf3 Rd8 27.Rf1 Qc5+ 28.Re3
Qxd6 29.Ne4 Qe7 30.Qg3 h6 31.h3 f5 0-1

[Event "18th Reykjavik op"]
[Site "Reykjavik ISL"]
[Date "1998.03.10"]
[Round "1.31"]
[White "Bradbury, Neil"]
[Black "Steindorsson, Sigurdur Pall"]
[Result "1-0"]
[WhiteElo "2360"]
[BlackElo "2027"]
[EventDate "1998.03.10"]
[PlyCount "45"]

1.d4 Nf6 2.Nf3 e6 3.c4 b6 4.g3 Bb7 5.Bg2 Be7 6.O-O O-O 7.b3 d5 8.Bb2 Nbd7 
9.Nbd2 c5 10.e3 Rc8 11.Re1 dxc4 12.bxc4 Qc7 13.Rc1 Rfd8 14.Qe2 Nb8 15.Nb3 
Nc6 16.a3 a5 17.Qc2 a4 18.Nbd2 cxd4 19.exd4 Na5 20.Qxa4 Bc6 21.Qd1 Qb7 22.
Qe2 b5 23.d5 1-0

[Event "18th Reykjavik op"]
[Site "Reykjavik ISL"]
[Date "1998.03.10"]
[Round "1.33"]
[White "Schmied, Andreas"]
[Black "Karason, Askell Oern"]
[Result "1/2-1/2"]
[WhiteElo "2155"]
[BlackElo "2260"]
[EventDate "1998.03.10"]
[PlyCount "79"]

1.e4 c5 2.f4 e6 3.Nf3 d5 4.Bb5+ Bd7 5.Bxd7+ Nxd7 6.d3 Ne7 7.O-O Nc6 8.Nc3 
Nf6 9.Kh1 Be7 10.e5 Nd7 11.Qe1 O-O 12.g4 Rc8 13.Ne2 f6 14.exf6 Nxf6 15.Ng3
Qd7 16.h3 Bd6 17.Ne5 Qe8 18.Nxc6 Rxc6 19.Bd2 Bc7 20.Kg2 d4 21.Rf3 Qb8 22.
Qf2 Nd5 23.Rf1 b5 24.Ne4 Bb6 25.f5 exf5 26.Rxf5 Rcc8 27.Rf7 Ne3+ 28.Bxe3 
dxe3 29.Rxf8+ Rxf8 30.Qxe3 Rxf1 31.Kxf1 Qe5 32.Qg5 Qxb2 33.Qd5+ Kf8 34.
Qd6+ Ke8 35.Qe6+ Kd8 36.Qd6+ Kc8 37.Qc6+ Kd8 38.Qd6+ Kc8 39.Qc6+ Kd8 40.
Qd6+ 1/2-1/2

[Event "18th Reykjavik op"]
[Site "Reykjavik ISL"]
[Date "1998.03.11"]
[Round "2.1"]
[White "Gallagher, Joseph"]
[Black "Sokolov, Ivan"]
[Result "1/2-1/2"]
[WhiteElo "2490"]
[BlackElo "2625"]
[EventDate "1998.03.10"]
[PlyCount "126"]

1.e4 e5 2.Nf3 Nc6 3.Nc3 Nf6 4.Bb5 Nd4 5.Nxd4 exd4 6.e5 dxc3 7.exf6 Qxf6 8.
dxc3 Bc5 9.O-O O-O 10.Qh5 d6 11.Bd3 h6 12.Bd2 Bd7 13.Kh1 Rae8 14.f4 Be3 
15.Qe2 Bxd2 16.Qxd2 Re7 17.Rae1 Rfe8 18.Rxe7 Rxe7 19.Kg1 Bc6 20.Rf2 b5 21.
Re2 Rxe2 22.Bxe2 b4 23.Qd4 Qg6 24.Bf1 Qxc2 25.cxb4 Be4 26.a3 Kh7 27.Qc3 
Qd1 28.Kf2 f5 29.h3 Qd5 30.Bc4 Qb7 31.Bf1 Qb6+ 32.Qe3 c5 33.bxc5 Qxb2+ 34.
Kg1 d5 35.c6 d4 36.Qf2 Qxf2+ 37.Kxf2 Bxc6 38.Bc4 Kg6 39.g3 Kf6 40.Ke2 Be4 
41.Kd2 g5 42.Be2 gxf4 43.gxf4 Ke6 44.Bc4+ Kd6 45.h4 Bd5 46.Bd3 Be6 47.Kc2 
Bd7 48.Kb3 Kc5 49.Kc2 Be6 50.Kd2 Bc8 51.Kc2 Kd6 52.Kd2 Ke6 53.Bc4+ Kf6 54.
Kd3 Kg6 55.Kxd4 Kh5 56.Ke5 Kxh4 57.Be2 Kg3 58.Bd1 a5 59.Be2 Bd7 60.Bh5 a4 
61.Bd1 Be8 62.Kxf5 h5 63.Bxh5 Bxh5 1/2-1/2